|
|
|
|
| LEADER |
00699nam a2200181Ia 4500 |
| 001 |
CTU_6298 |
| 008 |
210402s9999 xx 000 0 und d |
| 082 |
|
|
|a 338.0913
|
| 082 |
|
|
|b B421
|
| 100 |
|
|
|a J B Behrman
|
| 245 |
|
0 |
|a Scenario analysis of impacts of changes in technology, fertilizer prices, highways, labor markets consumption expenditure, rainfall and price policy for semi-arid tropical crop markets
|
| 245 |
|
0 |
|c J B Behrman, K N Murty
|
| 260 |
|
|
|a India
|
| 260 |
|
|
|b ICRISAT
|
| 260 |
|
|
|c 1982
|
| 650 |
|
|
|a agriculture - economic aspects,industrial productivity,price policy
|
| 904 |
|
|
|i Nguyễn Quang Điền, 960817
|
| 980 |
|
|
|a Trung tâm Học liệu Trường Đại học Cần Thơ
|